| 000 | 00970nam a22003137a 4500 | ||
|---|---|---|---|
| 003 | OSt | ||
| 005 | 20231004094835.0 | ||
| 008 | 221006b |||||||| |||| 00| 0 eng d | ||
| 040 | _cLado V | ||
| 082 |
_a700 _bM414b |
||
| 110 |
_91138 _aMassachusetts Institute of Technology _eautor |
||
| 245 | _aBookForum/ | ||
| 260 |
_bThe MIT _c2015 _aMassachusetts, Estados Unidos |
||
| 300 |
_c26.5x36.5 cm _a45p. |
||
| 366 | _espa | ||
| 490 |
_a5 _v21 |
||
| 505 | _tCOLOR LINES | ||
| 505 | _tFEATURES | ||
| 505 | _tCOLUMNS | ||
| 505 | _tFICTION | ||
| 505 | _tCURRENT AFFAIRS & POLITICS | ||
| 505 | _tARTS & LETTERS | ||
| 650 |
_2Tesauro de Arte & Arquitectura _aARTE _9703 |
||
| 650 |
_2Tesauro de Arte & Arquitectura _aEXHIBICIÓN _9702 |
||
| 650 |
_2Tesauro de Arte & Arquitectura _aTEORÍA _9703 |
||
| 650 |
_2Tesauro de Arte & Arquitectura _aCULTURA |
||
| 650 |
_2Tesauro de Arte & Arquitectura _aFICCION |
||
| 942 |
_2ddc _c1 _h700 _iM414b _n0 |
||
| 999 |
_c4442 _d4442 |
||